Riconosci il Pokémon - Quiz n°548 - Statistics

Statistiche generali
  • Questo quiz è stato fatto 0 volte
  • Il punteggio medio è 0 su 10
Statistiche sulle risposte
Indizio Risposta % Corretto
Altezza 0,2 m; 0,4 m (Dominante)
0%
Peso 0,7 kg, 2,8 kg (Dominante)
0%
Tasso di cattura 45 (11.9%)
0%
Sesso 50% ♂, 50% ♀
0%
Abilità Fantasmanto
0%
Tasso di allevamento Medio-Veloce
0%
Pokémon Mimikyu
0%
Stadio evoluzione Non si evolve
0%
Generazione Settima
0%
Tipo Spettro / Folletto
0%
Nessun quiz corrispondente trovato
Distribuzione punteggi
Percentuale di utenti per punteggio
Percentile per numero di risposta
I tuoi punteggi nel tempo
Non hai fatto questo quiz